Sports Quiz

Random Sports or Famous Quiz
Score 0/10 Timer 04:00
1 Play Today
Hint Answer % Correct
Serena Williams
98.8%
Pete Sampras
97.4%
Andre Agassi
94.9%
John McEnroe
94%
Billie Jean King
81.6%
Arthur Ashe
80.5%
John Isner
76.4%
Sloane Stephens
76%
Chris Evert
66%
Tracy Austin
45.3%
Remove Ads.
Support Sporcle.
Get the best of Sporcle when you Go Orange. This ad-free experience offers more features, more stats, and more fun while also helping to support Sporcle. Thank you for becoming a member.

You're not logged in!

Compare scores with friends on all Sporcle quizzes.
OR
Log In

Show Comments

Extras

Top Quizzes Today


Score Distribution

Your Account Isn't Verified!

In order to create a playlist on Sporcle, you need to verify the email address you used during registration. Go to your Sporcle Settings to finish the process.

Report this User

Report this user for behavior that violates our Community Guidelines.

Details: